000 00537nam a2200169 i 4500
001 61110
003 ES-MaACL
005 20230906164355.0
007 t|
008 031110s1962 sp af |||| | spa d
100 1 _aEtayo, Carlos.
_948266
245 1 0 _aEstudio sobre el descubrimiento de América /
_cCarlos Etayo.
260 _a[San Sebastián :
_bs.n.,
_c1962] (
_fValverde)
300 _a39 fol., 3 lám. :
_bil. ;
_c18 cm.
651 4 _aAmérica-
_xDescubrimientos y exploraciones-
_xEspañoles.
_9138324
852 _aES-MaACL
_jC-21708
999 _c61110
_d61110